Метод диагностики радиального притока при интерпретации нестационарных гидродинамических исследований скважин; Известия Томского политехнического университета [Известия ТПУ]; Т. 323, № 1 : Науки о Земле

Bibliografiset tiedot
Parent link:Известия Томского политехнического университета [Известия ТПУ]/ Томский политехнический университет (ТПУ).— , 2000-
Т. 323, № 1 : Науки о Земле.— 2013.— [С. 23-26]
Päätekijä: Гаврилов К. С. Константин Сергеевич
Muut tekijät: Сергеев В. Л. Виктор Леонидович
Yhteenveto:Заглавие с титульного листа
Электронная версия печатной публикации
Рассматривается проблема определения времени начала радиального притока при обработке данных гидродинамических исследований скважины по кривой восстановления давления, и предлагается метод ее решения, основанный на технологии адаптивной интерпретации с учетом априорной информации. Приводятся примеры интерпретации кривой восстановления давления однородно-пористых нефтяных пластов с диагностикой радиального притока.
Kieli:venäjä
Julkaistu: 2013
Sarja:Геофизика
Aiheet:
Linkit:http://earchive.tpu.ru/bitstream/11683/4887/1/bulletin_tpu-2013-323-1-04.pdf
Aineistotyyppi: MixedMaterials Elektroninen Kirjan osa
KOHA link:https://koha.lib.tpu.ru/cgi-bin/koha/opac-detail.pl?biblionumber=242919

MARC

LEADER 00000nla2a2200000 4500
001 242919
005 20231031210310.0
035 |a (RuTPU)RU\TPU\book\264241 
035 |a RU\TPU\book\264237 
090 |a 242919 
100 |a 20130912d2013 k y0rusy50 ca 
101 0 |a rus 
102 |a RU 
135 |a drnn ---uucaa 
181 0 |a i  
182 0 |a b 
200 1 |a Метод диагностики радиального притока при интерпретации нестационарных гидродинамических исследований скважин  |b Электронный ресурс  |f К. С. Гаврилов, В. Л. Сергеев 
203 |a Текст  |c электронный 
215 |a 1 файл (407 Кб) 
225 1 |a Геофизика 
230 |a Электронные текстовые данные (1 файл : 407 Кб) 
300 |a Заглавие с титульного листа 
300 |a Электронная версия печатной публикации 
320 |a [Библиогр.: с. 26 (8 назв.)] 
330 |a Рассматривается проблема определения времени начала радиального притока при обработке данных гидродинамических исследований скважины по кривой восстановления давления, и предлагается метод ее решения, основанный на технологии адаптивной интерпретации с учетом априорной информации. Приводятся примеры интерпретации кривой восстановления давления однородно-пористых нефтяных пластов с диагностикой радиального притока. 
337 |a Adobe Reader 
461 1 |0 (RuTPU)RU\TPU\book\176237  |t Известия Томского политехнического университета [Известия ТПУ]  |f Томский политехнический университет (ТПУ)  |d 2000- 
463 1 |0 (RuTPU)RU\TPU\book\264203  |x 1684-8519  |t Т. 323, № 1 : Науки о Земле  |v [С. 23-26]  |d 2013  |p 249 с. 
610 1 |a нефтяные пласты 
610 1 |a скважины 
610 1 |a априорная информация 
610 1 |a гидродинамические исследования 
610 1 |a идентификация 
610 1 |a интерпретация 
610 1 |a труды учёных ТПУ 
610 1 |a электронный ресурс 
700 1 |a Гаврилов  |b К. С.  |g Константин Сергеевич 
701 1 |a Сергеев  |b В. Л.  |c российский геолог  |c профессор Томского политехнического университета, доктор технических наук  |f 1947-  |g Виктор Леонидович  |2 stltpush  |3 (RuTPU)RU\TPU\pers\26314 
801 1 |a RU  |b 63413507  |c 20090623  |g PSBO 
801 2 |a RU  |b 63413507  |c 20190517  |g PSBO 
856 4 |u http://earchive.tpu.ru/bitstream/11683/4887/1/bulletin_tpu-2013-323-1-04.pdf 
942 |c CF